Normal view
MARC view
- MS-EPE Thesis
Entry Topical Term
001 - CONTROL NUMBER
- control field: 116629
003 - CONTROL NUMBER IDENTIFIER
- control field: NUST
005 - DATE AND TIME OF LATEST TRANSACTION
- control field: 20230912170015.0
008 - FIXED-LENGTH DATA ELEMENTS
- fixed length control field: 230912|| aca||aabn | a|a d
040 ## - CATALOGING SOURCE
- Original cataloging agency: NUST
- Transcribing agency: NUST
150 ## - HEADING--TOPICAL TERM
- Topical term or geographic name entry element: MS-EPE Thesis
670 ## - SOURCE DATA FOUND
- Source citation: Work cat.: (NUST): Muhammad Afnan Aziz Khan (00000319006) 116628, State of Charge and State of Health Estimation Using Pseudo Random Binary Sequences and Machine Learning /, 2021
